000 01211nam a2200337 a 4500
001 000111964
003 CHAP
005 20220329144239.0
008 151111s2015 mx a fsm |||||||spa d
010 _a108425
011 _a109397
040 _cCHAP
090 _aTesis
100 1 _aMatus Osorio, Gelacia
_9129985
245 1 0 _aIdentificación morfológica de la cenicilla del sauco (Sambucus mexicana) en Oaxaca, México
_h[En línea]
_cpor Gelacia Matus Osorio.
260 _aChapingo, Méx. :
_bEl autor,
_c2015.
500 _aPara ver el contenido del material haga clic en la liga
502 _aTesis (Ing. Agr. Esp. en Parasitología Agrícola) -- UACH. Departamento de Parasitología Agrícola
590 _aE11695DGD
_b10
_c20151114
_lUCH01
_h1009
590 _aE5995AHE
_b05
_c20151111
_lUCH01
_h1118
590 _aE5995AHE
_b05
_c20151111
_lUCH01
_h1119
590 _aE5995AHE
_b05
_c20151113
_lUCH01
_h0738
650 1 4 _aCenicilla.
_920964
650 1 4 _aMorfología vegetal.
_978772
650 1 4 _aPlantas
_xEnfermedades.
_988828
650 1 4 _aSambucus.
_9101905
856 _aFinding aid
_uhttp://10.13.5.2/tesis/sist111964.pdf
_zTeclea aquí
901 _aBK
942 _cTESIS
942 _n0
999 _c108425
_d108425